Normal view
MARC view
- Jagdish Singh
Entry Personal Name
001 - CONTROL NUMBER
- control field: 762
003 - CONTROL NUMBER IDENTIFIER
- control field: OSt
005 - DATE AND TIME OF LATEST TRANSACTION
- control field: 20160704132535.0
008 - FIXED-LENGTH DATA ELEMENTS
- fixed length control field: 160704|| aca||aabn | a|a d
040 ## - CATALOGING SOURCE
- Original cataloging agency: OSt
- Transcribing agency: OSt
100 ## - HEADING--PERSONAL NAME
- Personal name: Jagdish Singh
670 ## - SOURCE DATA FOUND
- Source citation: Work cat.: (OSt): Gurcharan Singh 761, Building Planning Designing and Scheduling, 2014
